Najlepsze Sklepy w Polsce! - Statystyki

Ogólne statystyki
  • Ten quiz został rozwiązany 469 razy
    335 od ostatniego zresetowania
  • Średni wynik to 9 z 23
Statystyki odpowiedzi
Hint Odpowiedź % Poprawnych
3. Biedronka
98%
4. Lidl
96%
6. Żabka
76%
7. Dino
71%
15. Kaufland
62%
11. Auchan
60%
12. Lewiatan
52%
16. Netto
52%
19. Aldi
44%
13. Stokrotka
38%
2. ABC
31%
14. Delikatesy Centrum
27%
8. Rossmann
26%
21. Piotr i Paweł
24%
1. Hebe
22%
23. Groszek
21%
9. Media Expert
19%
17. Polo Market
19%
10. Dealz
15%
22. Spar
10%
18. Leclerc
9%
5. Carrefour Express
7%
20. Topaz
6%
Nie znaleziono quizów pasujących do podanych kryteriów
Rozkład punktacji
Procent ludzi z każdym wynikiem
Percentyl według liczby udzielonych odpowiedzi
Twoja historia wyników
Nie rozwiązałeś tego quizu od ostatniego zresetowania